Statistics for Most Aircraft Carriers

Click here to take the quiz!

General Stats

  • This quiz has been taken 37 times
  • The average score is 8 of 10

Answer Stats

#Number in ServiceTotal Number in ServiceAnswer% Correct
2040UK
100%
11068USA
100%
418France
97%
517Russia
91%
623India
88%
1022Italy
84%
3020Japan
81%
=13Spain
81%
=03Australia
59%
=03Canada
56%

Score Distribution

Percentile by Number Answered

Percent of People with Each Score

Your Score History

You have not taken this quiz